000 03780cam a22012734i 4500
003 PE-LiUPU
005 20250813185455.0
008 150623s2003 ck a rb 000 0 spa d
020 _a9582006994
035 _a(Sirsi) i9789582006990
040 _aPE-LiUPU
_bspa
_cPE-LiUPU
_erda
049 _aPRUA
082 0 4 _a370.008
_bJ54
_221
082 0 4 _a370.118
_bJ55 2003
100 1 _aJiménez Vélez, Carlos Alberto,
_eautor.
245 1 0 _aNeuropedagogía, Lúdica y Competencia :
_bnuevos métodos desde las neurociencias para escribir, leer, hablar, estudiar y utilizar pedagógicamente las inteligencias múltiples /
_cCarlos Alberto Jiménez Vélez.
264 1 _aBogotá, Colombia :
_bCooperativa Editorial Magisterio,
_c2003.
300 _a248 páginas :
_bilustraciones, tablas, cuadros, diagrámas, gráficos ;
_c24 centímetros
336 _atext
_2rdacontent
337 _aunmediated
_2rdamedia
338 _avolume
_2rdacarrier
490 0 _aColección Aula Abierta
504 _aIncluye bibliografía.
505 0 _aNeurología. Teorías sobre el funcionamiento del cerebro humano. Nerociencias-escritura y lúdica. Competencias. Competencias e inteligencias múltivples. Competencias comunicativas. Prácticas escriturales. Caja de herramientas. Los diagnósticos.
526 _aP202
526 _aP201
526 _aP163
526 _aP162
526 _aP161
526 _aP160
526 _aP148
526 _aP147
526 _aP146
526 _aP145
526 _aP144
526 _aP143
526 _aP142
526 _aP141
526 _aP140
526 _aP139
526 _aP138
526 _aP137
526 _aP136
526 _aP135
526 _aP134
526 _aP133
526 _aP129
526 _aP128
526 _aP127
526 _aP120
526 _aP119
526 _aP118
526 _aP116
526 _aP115
526 _aP114
526 _aP110
526 _aP109
526 _aP108
526 _aP104
526 _aP103
526 _aP102
526 _aP99
526 _aP98
526 _aP97
526 _aP96
526 _aP95
526 _aP93
526 _aP90
526 _aP89
526 _aP88
526 _aP83
526 _aP82
526 _aP62
526 _aP59
526 _aP58
526 _aP57
526 _aP51
526 _aP49
526 _aP48
526 _aP47
526 _aP29
526 _aP24
526 _aP20
526 _aP19
526 _aP17
526 _aP15
526 _aP14
526 _aP12
526 _aP10
526 _aP09
526 _aP08
526 _aP07
526 _aP06
526 _aP05
526 _aP04
526 _aP01
541 _g000734;
650 0 4 _aAptitud creadora.
650 0 4 _aInteligencias múltiples.
650 0 4 _aJuegos educativos.
942 _2ddc
_cBOOK
949 _a370.008 J54
_wDEWEY
_c1
_i53069
_d2016-5-19
_e2016-5-16
_lCCODEBUL1
_mBUL
_n1
_p15.00
_r0
_sY
_tBOOK
_u2015-6-24
_xEDUCACION
_zUNKNOWN
_0COMPRA
_o.STAFF. Colección General
949 _a370.118 J55 2003
_wDEWEY
_c1
_iFJ04759
_lCCODEBUJ1
_mBUJ
_p15.00
_r0
_sY
_tBOOK
_u2015-10-12
_xEDUCACION
_PP20
_0COMPRA
_o.STAFF. Colección General Juliaca
994 _aC0
_bPEPRU
596 _a1 3
999 _a370.008 J54
_wDEWEY
_c34872
_i53069
_d34872
_e2016-5-16
_f2021-11-8
_g5
_lCCODEBUL1
_mBUL
_n1
_p15.00
_r0
_sY
_tBOOK
_u2015-6-24
_xEDUCACION
_zUNKNOWN
_0COMPRA
_o.STAFF. Colección General
999 _a370.118 J55 2003
_wDEWEY
_c1
_iFJ04759
_d2019-10-31
_f2022-1-18
_g3
_lCCODEBUJ1
_mBUJ
_p15.00
_q3
_r0
_sY
_tBOOK
_u2015-10-12
_xEDUCACION
_PP20
_0COMPRA
_o.STAFF. Colección General Juliaca
980 _81
_gALBERTO SANCHEZ Responsable de Automatización